000 01153nam1a2200301 4500
001 RU\NLR\BIBL_A\011498770
005 20260405223527.0
010 _a9785905154331
035 _a(NLR Aleph) 011498770
090 _a11985772
_c11985772
100 _a20171011g20179999u y0rusy50 ca
101 0 _arus
102 _aRU
105 _a||||z||||||||
200 1 _aСоветские полноприводные
_fС.В. Ионес, Н.С. Марков, Н.А. Рубежной [и др.]
210 _aТула
_cБорус-Принт
_d2017
215 _d30
333 _a12+
606 1 _aАвтомобили повышенной проходимости
_yСССР
_92342018
_3RU\NLR\AUTH\6601623299
686 1 _aО336
701 1 _aИонес
_bС.В.
_gСергей Валериевич
701 1 _7ca
_8rus
_aМарков
_bН. С.
_cколлекционер
_f1982-
_gНиколай Сергеевич
_984638
_3RU\NLR\AUTH\77101712
701 1 _aРубежной
_bН.А.
_gНиколай Александрович
852 _aNLR
_j2017-9/328
942 _cBOOK
980 _aNBR